[Event "Huaian IMSA blitz (Women) 2nd"]
[Site "Huaian"]
[Date "2017.12.12"]
[Round "9.5"]
[White "Kosteniuk, Alexandra"]
[Black "Muzychuk, Anna"]
[Result "1/2-1/2"]
[WhiteElo "2557"]
[BlackElo "2582"]
[PlyCount "105"]
[EventDate "2017.12.12"]
[EventType "tourn (blitz)"]
[EventRounds "22"]
[EventCountry "CHN"]
[SourceTitle "CBM 182 Extra"]
[Source "ChessBase"]
[SourceDate "2018.02.23"]
[SourceVersion "1"]
[SourceVersionDate "2018.02.23"]
[SourceQuality "1"]

1. e4 c5 2. c3 Nf6 3. e5 Nd5 4. d4 cxd4 5. Nf3 Nc6 6. cxd4 d6 7. Bc4 dxe5 8.
Bxd5 Qxd5 9. Nc3 Qd6 10. d5 Nd4 11. Nxd4 exd4 12. Qxd4 e5 13. Qd3 Be7 14. Nb5
Qb6 15. d6 Bd8 16. Be3 Qa5+ 17. Bd2 Qb6 18. O-O Bd7 19. Nc3 Qd4 20. Qxd4 exd4
21. Rfe1+ Be6 22. Nb5 Bb6 23. Nc7+ Bxc7 24. dxc7 Kd7 25. Bf4 g5 26. Bxg5 Kxc7
27. Bf6 Rhg8 28. Rac1+ Kd7 29. Red1 Bxa2 30. Rxd4+ Ke6 31. Bh4 Rac8 32. Re1+
Kf5 33. Bg3 Rge8 34. Ra1 Be6 35. h4 Kg6 36. Rxa7 b5 37. Ra5 Rc4 38. Rd2 Rb4 39.
Ra3 Rc8 40. Kh2 Rc1 41. Re3 Rb1 42. Ree2 Bc4 43. Rd6+ Be6 44. Rdd2 Bc4 45. Rd6+
Be6 46. Re5 R1xb2 47. Rg5+ Kh6 48. Rb6 Rb1 49. Rf5 Kg6 50. Rg5+ Kh6 51. Rf5 Kg6
52. Rg5+ Kh6 53. Rf5 1/2-1/2

[Event "Huaian IMSA blitz (Women) 2nd"]
[Site "Huaian"]
[Date "2017.12.12"]
[Round "10.6"]
[White "Kosteniuk, Alexandra"]
[Black "Lagno, Kateryna"]
[Result "1/2-1/2"]
[WhiteElo "2557"]
[BlackElo "2547"]
[PlyCount "78"]
[EventDate "2017.12.12"]
[EventType "tourn (blitz)"]
[EventRounds "22"]
[EventCountry "CHN"]
[SourceTitle "CBM 182 Extra"]
[Source "ChessBase"]
[SourceDate "2018.02.23"]
[SourceVersion "1"]
[SourceVersionDate "2018.02.23"]
[SourceQuality "1"]

1. d4 Nf6 2. c4 g6 3. Nc3 d5 4. Nf3 Bg7 5. e3 O-O 6. cxd5 Nxd5 7. Bc4 Nb6 8.
Bb3 c5 9. O-O cxd4 10. Nxd4 Nc6 11. Nxc6 bxc6 12. Ne4 Ba6 13. Re1 Bc4 14. Bxc4
Nxc4 15. Qc2 Qa5 16. Rf1 Qb5 17. Rb1 Rfd8 18. b3 Rab8 19. Rd1 Rxd1+ 20. Qxd1
Qd5 21. Qxd5 cxd5 22. Nc5 Bc3 23. Kf1 Nd2+ 24. Bxd2 Bxd2 25. Ke2 Bb4 26. Nd3
Bd6 27. Rc1 Kf8 28. Rc6 Ke8 29. Nc5 Kd8 30. h4 h5 31. Kd3 Rb6 32. Rxb6 axb6 33.
Nb7+ Kc7 34. Nxd6 Kxd6 35. a4 Kc5 36. Kc3 e5 37. b4+ Kc6 38. Kd3 f5 39. g3 Kd6
1/2-1/2

[Event "Huaian IMSA blitz (Women) 2nd"]
[Site "Huaian"]
[Date "2017.12.12"]
[Round "11.2"]
[White "Paehtz, Elisabeth"]
[Black "Kosteniuk, Alexandra"]
[Result "0-1"]
[WhiteElo "2464"]
[BlackElo "2557"]
[PlyCount "106"]
[EventDate "2017.12.12"]
[EventType "tourn (blitz)"]
[EventRounds "22"]
[EventCountry "CHN"]
[SourceTitle "CBM 182 Extra"]
[Source "ChessBase"]
[SourceDate "2018.02.23"]
[SourceVersion "1"]
[SourceVersionDate "2018.02.23"]
[SourceQuality "1"]

1. e4 e5 2. Nf3 Nc6 3. Bc4 Bc5 4. d3 Nf6 5. O-O O-O 6. Re1 Ng4 7. Re2 Kh8 8. h3
f5 9. Ng5 Nh6 10. c3 a6 11. b4 Be7 12. Nf3 f4 13. d4 exd4 14. cxd4 Nxb4 15. d5
b5 16. Bb3 a5 17. a3 Na6 18. e5 d6 19. e6 Nc5 20. Bb2 Nf5 21. Bc2 Na4 22. Bxa4
bxa4 23. Nd4 Ba6 24. Rd2 Qe8 25. Qg4 Qg6 26. Qxg6 hxg6 27. Nc6 Bb7 28. Rc2 Bxc6
29. Rxc6 Bd8 30. Nc3 Rb8 31. Rb1 Ne7 32. Rc4 Rf5 33. Rd4 Rb3 34. Nxa4 Rxd5 35.
Rbd1 Rbb5 36. Rxd5 Rxd5 37. Rc1 c5 38. Rc4 Rd1+ 39. Kh2 g5 40. h4 Re1 41. hxg5
Ng6 42. Rc3 Rxe6 43. Rd3 Bxg5 44. Nc3 Bf6 45. Bc1 Bxc3 46. Rxc3 Re2 47. Rc4
Rxf2 48. Kg1 Ra2 49. a4 Kg8 50. Bxf4 Nxf4 51. Rxf4 d5 52. Rf5 Rd2 53. Re5 c4
0-1

[Event "Huaian IMSA blitz (Women) 2nd"]
[Site "Huaian"]
[Date "2017.12.13"]
[Round "12"]
[White "Ushenina, Anna"]
[Black "Kosteniuk, Alexandra"]
[Result "1/2-1/2"]
[WhiteElo "2416"]
[BlackElo "2557"]
[PlyCount "194"]
[EventDate "2017.12.12"]
[EventType "tourn (blitz)"]
[EventRounds "22"]
[EventCountry "CHN"]
[SourceTitle "CBM 182 Extra"]
[Source "ChessBase"]
[SourceDate "2018.02.23"]
[SourceVersion "1"]
[SourceVersionDate "2018.02.23"]
[SourceQuality "1"]

1. d4 Nf6 2. Bg5 e6 3. Nd2 c5 4. e3 Be7 5. Bd3 b6 6. Ngf3 Bb7 7. O-O O-O 8. a4
Nc6 9. c3 d6 10. Bh4 e5 11. dxc5 dxc5 12. Qc2 g6 13. Bg3 Qc7 14. Nc4 Nd7 15. e4
Rad8 16. Rfe1 Rfe8 17. Nfd2 Bf8 18. Ne3 Ne7 19. f3 Bg7 20. a5 Nb8 21. axb6 axb6
22. Bb5 Nbc6 23. Ndc4 Rd7 24. Red1 Red8 25. Rxd7 Rxd7 26. Bxc6 Bxc6 27. Rd1 b5
28. Rxd7 Bxd7 29. Nd2 c4 30. b3 cxb3 31. Qxb3 h5 32. Bf2 Be6 33. Qb2 Qd7 34.
Nb3 Qd6 35. Nc1 Bd7 36. Na2 Bh6 37. Nb4 Be6 38. Qe2 Qd7 39. Nd3 Qc7 40. Qb2 Bd7
41. Qb4 Bf8 42. Qc5 Qxc5 43. Nxc5 Bc8 44. Nd3 f6 45. Nb4 Kf7 46. Nec2 Bd7 47.
Bc5 Bh6 48. Kf2 Bd2 49. Na2 Be6 50. Ncb4 Bc4 51. Be3 Bxe3+ 52. Kxe3 f5 53. g3
Ke6 54. h4 Nc8 55. Nc1 Nb6 56. Nc6 Na4 57. Kd2 fxe4 58. fxe4 Kd6 59. Nb4 Bf1
60. Ncd3 Bg2 61. Nf2 Nb2 62. Ke3 Nc4+ 63. Kd3 Bf1+ 64. Kc2 Ke6 65. Nd5 Nd6 66.
Nc7+ Kd7 67. Nd5 Be2 68. Ne3 Ke6 69. Kd2 Bf3 70. Kd3 Nb7 71. Nc2 Nc5+ 72. Ke3
Bg2 73. Na3 Bf1 74. Nc2 Na4 75. Kd2 Nb2 76. Ne3 Nc4+ 77. Nxc4 Bxc4 78. Ke3 Kf6
79. Nh3 Be6 80. Nf2 g5 81. Nd3 gxh4 82. gxh4 Bc4 83. Nc5 Ke7 84. Na6 Kd6 85.
Nb4 Be6 86. Nd3 Bg4 87. Nb4 Kc5 88. Nd3+ Kd6 89. Nb4 Bh3 90. Nd3 Bf1 91. Ne1
Bc4 92. Nf3 Be6 93. Ne1 Bg4 94. Nd3 Be6 95. Ne1 Bg4 96. Nd3 Be6 97. Ne1 Bg4
1/2-1/2

[Event "Huaian IMSA blitz (Women) 2nd"]
[Site "Huaian"]
[Date "2017.12.13"]
[Round "13"]
[White "Kosteniuk, Alexandra"]
[Black "Zhao, Xue"]
[Result "0-1"]
[WhiteElo "2557"]
[BlackElo "2477"]
[PlyCount "92"]
[EventDate "2017.12.12"]
[EventType "tourn (blitz)"]
[EventRounds "22"]
[EventCountry "CHN"]
[SourceTitle "CBM 182 Extra"]
[Source "ChessBase"]
[SourceDate "2018.02.23"]
[SourceVersion "1"]
[SourceVersionDate "2018.02.23"]
[SourceQuality "1"]

1. e4 Nf6 2. e5 Nd5 3. d4 d6 4. Nf3 c6 5. c4 Nb6 6. Be2 Bg4 7. Nbd2 dxe5 8.
dxe5 e6 9. Qc2 Bf5 10. Qc3 Na6 11. O-O Bb4 12. Qb3 Be7 13. a3 Nc5 14. Qe3 a5
15. Nd4 Bg6 16. N2f3 Qc7 17. Bd2 Ne4 18. Rfd1 Nxd2 19. Rxd2 O-O 20. Rad1 a4 21.
h4 h6 22. g3 Rfd8 23. Qc3 Nd7 24. Nc2 Nc5 25. Rxd8+ Rxd8 26. Rxd8+ Qxd8 27.
Ncd4 Ne4 28. Qe3 Nc5 29. Nd2 Qb6 30. Qc3 Ne4 31. Nxe4 Bxe4 32. Nc2 Bc5 33. Ne3
Qd8 34. Nc2 Qb6 35. Ne3 Bd4 36. Qc1 Qxb2 37. Qd1 Bxe3 38. fxe3 Qxe5 39. Kf2
Qf5+ 40. Ke1 Qc5 41. Kf2 Qxa3 42. Qd8+ Qf8 43. Qd4 f5 44. c5 a3 45. Qb4 Qa8 46.
Bc4 Bd5 0-1

[Event "Huaian IMSA blitz (Women) 2nd"]
[Site "Huaian"]
[Date "2017.12.13"]
[Round "14"]
[White "Harika, Dronavalli"]
[Black "Kosteniuk, Alexandra"]
[Result "1/2-1/2"]
[WhiteElo "2504"]
[BlackElo "2557"]
[PlyCount "117"]
[EventDate "2017.12.12"]
[EventType "tourn (blitz)"]
[EventRounds "22"]
[EventCountry "CHN"]
[SourceTitle "CBM 182 Extra"]
[Source "ChessBase"]
[SourceDate "2018.02.23"]
[SourceVersion "1"]
[SourceVersionDate "2018.02.23"]
[SourceQuality "1"]

1. c4 e5 2. Nc3 Nf6 3. Nf3 Nc6 4. e3 Bb4 5. Qc2 O-O 6. Nd5 Re8 7. Ng5 g6 8. h4
Bf8 9. a3 h6 10. Nxf6+ Qxf6 11. Ne4 Qe6 12. h5 g5 13. c5 d5 14. cxd6 cxd6 15.
Bc4 Qe7 16. Nc3 Be6 17. Bd5 Rac8 18. Qe4 Bg7 19. d3 Kh8 20. Bxe6 Qxe6 21. Bd2
f5 22. Qd5 Qf6 23. O-O a6 24. Rac1 Rc7 25. Qb3 Qf7 26. Qxf7 Rxf7 27. Nd5 e4 28.
d4 f4 29. b4 Rf5 30. Nb6 g4 31. Nc4 Re6 32. Nb6 Re8 33. d5 Ne7 34. Bc3 Bxc3 35.
Rxc3 Nxd5 36. Nxd5 Rxd5 37. Rc7 f3 38. Rfc1 Rxh5 39. Rxb7 Rd5 40. Rcc7 g3 41.
Rh7+ Kg8 42. Rhg7+ Kh8 43. Rxg3 fxg2 44. Kxg2 Ree5 45. Ra7 a5 46. Rb7 axb4 47.
axb4 Rb5 48. Rxb5 Rxb5 49. Rg6 d5 50. Rxh6+ Kg7 51. Rd6 Kf7 52. Kg3 Ke7 53. Rh6
Rxb4 54. Kf4 Rb2 55. Ke5 Rxf2 56. Rh7+ Rf7 57. Rxf7+ Kxf7 58. Kxd5 Kf6 59. Kxe4
1/2-1/2

[Event "Huaian IMSA blitz (Women) 2nd"]
[Site "Huaian"]
[Date "2017.12.13"]
[Round "15"]
[White "Kosteniuk, Alexandra"]
[Black "Dzagnidze, Nana"]
[Result "1-0"]
[WhiteElo "2557"]
[BlackElo "2522"]
[PlyCount "48"]
[EventDate "2017.12.12"]
[EventType "tourn (blitz)"]
[EventRounds "22"]
[EventCountry "CHN"]
[SourceTitle "CBM 182 Extra"]
[Source "ChessBase"]
[SourceDate "2018.02.23"]
[SourceVersion "1"]
[SourceVersionDate "2018.02.23"]
[SourceQuality "1"]

1. e4 c5 2. Nf3 e6 3. d4 cxd4 4. Nxd4 Nc6 5. Nc3 Nf6 6. Ndb5 d6 7. Bf4 e5 8.
Bg5 a6 9. Na3 Be6 10. Nc4 Rc8 11. Be3 Nd4 12. Bxd4 Bxc4 13. Be3 Bxf1 14. Rxf1
Be7 15. h3 O-O 16. Qd3 b5 17. O-O-O Rc4 18. g4 Nd7 19. Kb1 h6 20. Nd5 Bg5 21.
b3 Rc6 22. Nb4 Nc5 23. Nxc6 Nxd3 24. Nxd8 Nb4 1-0

[Event "Huaian IMSA blitz (Women) 2nd"]
[Site "Huaian"]
[Date "2017.12.13"]
[Round "16"]
[White "Ju, Wenjun"]
[Black "Kosteniuk, Alexandra"]
[Result "1-0"]
[WhiteElo "2567"]
[BlackElo "2557"]
[PlyCount "99"]
[EventDate "2017.12.12"]
[EventType "tourn (blitz)"]
[EventRounds "22"]
[EventCountry "CHN"]
[SourceTitle "CBM 182 Extra"]
[Source "ChessBase"]
[SourceDate "2018.02.23"]
[SourceVersion "1"]
[SourceVersionDate "2018.02.23"]
[SourceQuality "1"]

1. d4 Nf6 2. c4 e6 3. Nf3 c5 4. Nc3 cxd4 5. Nxd4 Bb4 6. g3 O-O 7. Bg2 d5 8.
cxd5 Nxd5 9. Qb3 Nc6 10. Nxc6 bxc6 11. O-O Rb8 12. Qc2 Qb6 13. Na4 Qb5 14. b3
Ba6 15. Bf3 Be7 16. Bb2 c5 17. Be5 Rbc8 18. Nb2 Nb4 19. Qe4 f5 20. Qf4 g5 21.
Qc1 c4 22. Nxc4 Rxc4 23. bxc4 Qxe5 24. a3 g4 25. Bg2 Bf6 26. Qd2 Nc6 27. Bxc6
Qc7 28. Bd7 Bxa1 29. Rxa1 Qe5 30. Rc1 Bb7 31. c5 Bd5 32. Qe3 Qxe3 33. fxe3 Bb7
34. Bxe6+ Kg7 35. c6 Bc8 36. Bxc8 Rxc8 37. Kf2 Rc7 38. e4 fxe4 39. Ke3 Kf6 40.
Kxe4 Ke6 41. Kd4 Kd6 42. e4 h5 43. e5+ Ke6 44. Ke4 a6 45. Rc2 a5 46. Rc1 Ke7
47. Kd5 Rc8 48. c7 Kd7 49. e6+ Ke7 50. Ke5 1-0

[Event "Huaian IMSA blitz (Women) 2nd"]
[Site "Huaian"]
[Date "2017.12.13"]
[Round "17"]
[White "Kosteniuk, Alexandra"]
[Black "Muzychuk, Mariya"]
[Result "0-1"]
[WhiteElo "2557"]
[BlackElo "2544"]
[PlyCount "112"]
[EventDate "2017.12.12"]
[EventType "tourn (blitz)"]
[EventRounds "22"]
[EventCountry "CHN"]
[SourceTitle "CBM 182 Extra"]
[Source "ChessBase"]
[SourceDate "2018.02.23"]
[SourceVersion "1"]
[SourceVersionDate "2018.02.23"]
[SourceQuality "1"]

1. e4 e5 2. Bc4 Nf6 3. d4 exd4 4. Nf3 Nc6 5. e5 d5 6. Bb5 Ne4 7. Nxd4 Bd7 8.
Bxc6 bxc6 9. O-O Bc5 10. f3 Ng5 11. f4 Ne4 12. Be3 Qe7 13. Nd2 Nxd2 14. Qxd2
Bb6 15. Rae1 c5 16. Nf3 d4 17. Bf2 Bb5 18. f5 Bxf1 19. Kxf1 Qd7 20. Qg5 h6 21.
Qxg7 O-O-O 22. Qf6 d3 23. cxd3 Qxd3+ 24. Kg1 Rhg8 25. Qc6 Qd5 26. Qxd5 Rxd5 27.
b3 Ba5 28. Rc1 Bb4 29. Kf1 Rg4 30. h3 Rf4 31. f6 Kd7 32. Be3 Rf5 33. Ke2 Rfxe5
34. Nxe5+ Rxe5 35. Rf1 Ke6 36. Kd3 h5 37. g4 hxg4 38. hxg4 Rd5+ 39. Kc4 Re5 40.
Kd3 Rd5+ 41. Ke2 Bc3 42. g5 Re5 43. Kd3 Bb2 44. Rb1 Bd4 45. Bd2 Rf5 46. Re1+
Kd5 47. Re7 Rf3+ 48. Ke2 Rf2+ 49. Ke1 Rh2 50. Rxf7 Ke4 51. Kd1 Kd3 52. Re7
Rxd2+ 53. Ke1 Rg2 54. Kd1 Rxg5 55. f7 Rf5 56. b4 cxb4 0-1

[Event "Huaian IMSA blitz (Women) 2nd"]
[Site "Huaian"]
[Date "2017.12.13"]
[Round "18"]
[White "Tan, Zhongyi"]
[Black "Kosteniuk, Alexandra"]
[Result "0-1"]
[WhiteElo "2517"]
[BlackElo "2557"]
[PlyCount "82"]
[EventDate "2017.12.12"]
[EventType "tourn (blitz)"]
[EventRounds "22"]
[EventCountry "CHN"]
[SourceTitle "CBM 182 Extra"]
[Source "ChessBase"]
[SourceDate "2018.02.23"]
[SourceVersion "1"]
[SourceVersionDate "2018.02.23"]
[SourceQuality "1"]

1. d4 Nf6 2. c4 e6 3. Nf3 c5 4. e3 d5 5. Nc3 Nc6 6. a3 a6 7. dxc5 Bxc5 8. b4
Be7 9. Bb2 O-O 10. Be2 dxc4 11. Bxc4 Qc7 12. Qe2 e5 13. h3 e4 14. Nd2 Ne5 15.
O-O Rd8 16. Bb3 Bf5 17. Bc2 Nd3 18. Bxd3 exd3 19. Qf3 Bg6 20. Rac1 Qd7 21. e4
Bd6 22. Nc4 Bc7 23. Qe3 Qe6 24. e5 Qxc4 25. exf6 Bf4 26. Nd5 Qxd5 27. Qxf4 d2
28. Rcd1 Bc2 29. Qg4 g6 30. Qf4 g5 31. Qg4 Bxd1 32. Rxd1 h6 33. Bc3 Qd3 34.
Bxd2 Qc2 35. h4 Rxd2 36. Rf1 Qg6 37. hxg5 Qxg5 38. Qf3 Rad8 39. Qxb7 Qxf6 40.
Qc7 Qg5 41. Re1 Rd1 0-1

[Event "Huaian IMSA blitz (Women) 2nd"]
[Site "Huaian"]
[Date "2017.12.13"]
[Round "20"]
[White "Muzychuk, Anna"]
[Black "Kosteniuk, Alexandra"]
[Result "1/2-1/2"]
[WhiteElo "2582"]
[BlackElo "2557"]
[PlyCount "163"]
[EventDate "2017.12.12"]
[EventType "tourn (blitz)"]
[EventRounds "22"]
[EventCountry "CHN"]
[SourceTitle "CBM 182 Extra"]
[Source "ChessBase"]
[SourceDate "2018.02.23"]
[SourceVersion "1"]
[SourceVersionDate "2018.02.23"]
[SourceQuality "1"]

1. e4 e5 2. Nf3 Nc6 3. Nc3 Nf6 4. Bb5 Bc5 5. O-O O-O 6. Nxe5 Nxe5 7. d4 Bd6 8.
dxe5 Bxe5 9. Bd3 d6 10. Ne2 Nd7 11. f4 Bf6 12. c3 Re8 13. Ng3 Nc5 14. Bc2 Bh4
15. Qf3 Bxg3 16. hxg3 Qe7 17. Re1 Nd7 18. g4 Qh4 19. g3 Qh3 20. g5 Nc5 21. Bd2
Bg4 22. Qg2 Qxg2+ 23. Kxg2 a5 24. f5 f6 25. b4 axb4 26. cxb4 Nd7 27. Bb3+ Kf8
28. Be6 Rxe6 29. fxe6 Bxe6 30. a4 fxg5 31. Bxg5 Bb3 32. a5 Ne5 33. Rf1+ Ke8 34.
Bf4 Nc6 35. Bd2 Bc4 36. Rh1 h6 37. Bc3 Kf7 38. Rae1 Re8 39. Rh4 Na7 40. e5 Bd5+
41. Kf2 Nb5 42. Bb2 dxe5 43. Rxe5 Rd8 44. Rf4+ Kg8 45. Re7 Bf7 46. Rfxf7 Rd2+
47. Ke3 Rxb2 48. Rxg7+ Kf8 49. Rgf7+ Kg8 50. Rf4 Rb3+ 51. Kf2 Rd3 52. Rg4+ Kf8
53. Rh7 Rd6 54. Rh4 Rf6+ 55. Kg2 Rd6 56. R7xh6 Rd2+ 57. Kh3 Kg7 58. Re6 Rd5 59.
Rhe4 Rh5+ 60. Rh4 Rd5 61. Rf4 Rh5+ 62. Kg4 Rd5 63. Rfe4 Rd1 64. R4e5 Rd4+ 65.
Kf3 Rxb4 66. Kg2 Rb2+ 67. Kh3 Rb4 68. Rd5 Kf7 69. Rh6 Ke7 70. Rg5 Kf7 71. g4
Rb3+ 72. Kh4 Rb1 73. Rf5+ Kg7 74. Re6 Nd6 75. Rff6 Rh1+ 76. Kg5 Nf7+ 77. Rxf7+
Kxf7 78. Re5 Ra1 79. Kf4 c6 80. Kf5 Rf1+ 81. Kg5 Rb1 82. Kf5 1/2-1/2

[Event "Huaian IMSA blitz (Women) 2nd"]
[Site "Huaian"]
[Date "2017.12.13"]
[Round "21"]
[White "Lagno, Kateryna"]
[Black "Kosteniuk, Alexandra"]
[Result "0-1"]
[WhiteElo "2547"]
[BlackElo "2557"]
[PlyCount "62"]
[EventDate "2017.12.12"]
[EventType "tourn (blitz)"]
[EventRounds "22"]
[EventCountry "CHN"]
[SourceTitle "CBM 182 Extra"]
[Source "ChessBase"]
[SourceDate "2018.02.23"]
[SourceVersion "1"]
[SourceVersionDate "2018.02.23"]
[SourceQuality "1"]

1. e4 e5 2. Nf3 Nc6 3. Bb5 a6 4. Ba4 Nf6 5. O-O Be7 6. d3 b5 7. Bb3 d6 8. a4
Rb8 9. Nc3 O-O 10. axb5 axb5 11. Nd5 Bg4 12. c3 Qd7 13. Ra6 Nxd5 14. Bxd5 Nd8
15. h3 Be6 16. Bxe6 Nxe6 17. d4 exd4 18. cxd4 b4 19. Be3 Qb5 20. Qa4 Qd3 21. d5
Nc5 22. Bxc5 dxc5 23. Re1 b3 24. Ne5 Qd2 25. Qa1 Bf6 26. Nc4 Qd3 27. Qc1 Rb4
28. Rxf6 gxf6 29. Nd2 Rd4 30. Rd1 Qc2 31. Qa1 Rxd2 0-1

[Event "Huaian IMSA blitz (Women) 2nd"]
[Site "Huaian"]
[Date "2017.12.13"]
[Round "22"]
[White "Kosteniuk, Alexandra"]
[Black "Paehtz, Elisabeth"]
[Result "1-0"]
[WhiteElo "2557"]
[BlackElo "2464"]
[PlyCount "99"]
[EventDate "2017.12.12"]
[EventType "tourn (blitz)"]
[EventRounds "22"]
[EventCountry "CHN"]
[SourceTitle "CBM 182 Extra"]
[Source "ChessBase"]
[SourceDate "2018.02.23"]
[SourceVersion "1"]
[SourceVersionDate "2018.02.23"]
[SourceQuality "1"]

1. e4 e5 2. Bc4 Nc6 3. Nc3 Nf6 4. d3 Bb4 5. Nf3 h6 6. O-O d6 7. Ne2 Ne7 8. c3
Ba5 9. Ng3 Ng6 10. d4 c6 11. Re1 O-O 12. Bb3 Be6 13. Bxe6 fxe6 14. dxe5 dxe5
15. Qxd8 Rfxd8 16. h3 Bb6 17. a4 a5 18. Be3 Bxe3 19. Rxe3 Kf7 20. Kf1 Nd7 21.
Nd2 Nc5 22. Nc4 Ke7 23. Nh5 Nf4 24. Ng3 Kf6 25. Ne2 g5 26. g3 Nxh3 27. Kg2 g4
28. Rh1 Rd3 29. b4 axb4 30. cxb4 Rxe3 31. Nxe3 Nxe4 32. Nxg4+ Kg5 33. Rxh3 Kxg4
34. f3+ Kg5 35. fxe4 Rxa4 36. Ng1 Rxb4 37. Nf3+ Kf6 38. Rxh6+ Ke7 39. Ng5 Rb2+
40. Kf3 c5 41. Rxe6+ Kd7 42. Rxe5 c4 43. Rc5 b5 44. e5 Rb3+ 45. Kf4 c3 46. Ne4
b4 47. Kf5 Rb2 48. e6+ Ke8 49. Kf6 Kd8 50. e7+ 1-0

[Event "Huaian IMSA Basque (Women) 2nd"]
[Site "Huaian"]
[Date "2017.12.14"]
[Round "1.1"]
[White "Kosteniuk, Alexandra"]
[Black "Harika, Dronavalli"]
[Result "0-1"]
[WhiteElo "2557"]
[BlackElo "2504"]
[PlyCount "88"]
[EventDate "2017.12.14"]
[EventType "swiss (rapid)"]
[EventRounds "5"]
[EventCountry "CHN"]
[SourceTitle "CBM 182 Extra"]
[Source "ChessBase"]
[SourceDate "2018.02.23"]
[SourceVersion "1"]
[SourceVersionDate "2018.02.23"]
[SourceQuality "1"]

1. e4 e6 2. d4 d5 3. Nc3 Bb4 4. e5 c5 5. a3 Bxc3+ 6. bxc3 Qc7 7. Nf3 b6 8. Bb5+
Bd7 9. Bd3 c4 10. Be2 Ba4 11. O-O h6 12. Nh4 Nc6 13. f4 g6 14. g4 O-O-O 15. f5
g5 16. Ng2 f6 17. fxe6 fxe5 18. Ne3 Qd6 19. dxe5 Qxe6 20. Bf3 Nge7 21. Re1 Nxe5
22. Bd2 Rhf8 23. Bg2 Nd3 24. Rf1 Nf4 25. Qf3 Bc6 26. Nf5 Nxg2 27. Kxg2 Nxf5 28.
gxf5 Qd7 29. Qg4 d4+ 30. Kg1 Qd5 31. cxd4 Qh1+ 32. Kf2 Qxh2+ 33. Ke1 Rfe8+ 34.
Kd1 h5 35. Qg1 Bf3+ 36. Kc1 Qxg1 37. Rxg1 g4 38. f6 Rxd4 39. Bh6 Rd7 40. Bg5
Re5 41. Bh4 c3 42. Kb1 Rb5+ 43. Kc1 Rbd5 44. Kb1 Rd1+ 0-1

[Event "Huaian IMSA Basque (Women) 2nd"]
[Site "Huaian"]
[Date "2017.12.14"]
[Round "1.8"]
[White "Harika, Dronavalli"]
[Black "Kosteniuk, Alexandra"]
[Result "0-1"]
[WhiteElo "2504"]
[BlackElo "2557"]
[PlyCount "128"]
[EventDate "2017.12.14"]
[EventType "swiss (rapid)"]
[EventRounds "5"]
[EventCountry "CHN"]
[SourceTitle "CBM 182 Extra"]
[Source "ChessBase"]
[SourceDate "2018.02.23"]
[SourceVersion "1"]
[SourceVersionDate "2018.02.23"]
[SourceQuality "1"]

1. c4 e5 2. Nc3 Nf6 3. Nf3 Nc6 4. e3 Bb4 5. Qc2 Bxc3 6. bxc3 e4 7. Ng5 d5 8. f3
exf3 9. Nxf3 O-O 10. Be2 Bg4 11. O-O Bh5 12. cxd5 Nxd5 13. d3 Qe7 14. Qd2 Rad8
15. e4 Nb6 16. Qg5 Qxg5 17. Bxg5 f6 18. Bf4 Rd7 19. a4 Na5 20. Rfb1 c6 21. Be3
Nc8 22. Bc5 Re8 23. Bb4 b6 24. Bxa5 bxa5 25. Rb8 Kf8 26. Kf2 Bf7 27. Nd4 Rc7
28. c4 Nd6 29. Rxe8+ Kxe8 30. Nb3 Nb7 31. Ke3 c5 32. Bf3 Ke7 33. Ra2 Be8 34.
Bd1 Kd6 35. Nd2 Nd8 36. Nb3 Nc6 37. Bf3 Nb4 38. Rd2 Bxa4 39. Nxa5 Nc2+ 40. Kf2
Nb4 41. Bd1 Bxd1 42. Rxd1 Ke5 43. Nb3 Nc2 44. Rd2 Nd4 45. Nxd4 Kxd4 46. Ke2 a5
47. Ra2 Ra7 48. Kd2 a4 49. Ra3 g6 50. g4 h5 51. gxh5 gxh5 52. Ke2 h4 53. Kf3 h3
54. Kg3 Ke3 55. Kxh3 Kd2 56. Kg4 Kc2 57. Kf5 Kb2 58. Rxa4 Rxa4 59. Kxf6 Kc3 60.
e5 Kxd3 61. e6 Rxc4 62. e7 Re4 63. h4 c4 64. h5 c3 0-1

[Event "Huaian IMSA Basque (Women) 2nd"]
[Site "Huaian"]
[Date "2017.12.14"]
[Round "2.1"]
[White "Muzychuk, Mariya"]
[Black "Kosteniuk, Alexandra"]
[Result "1/2-1/2"]
[WhiteElo "2544"]
[BlackElo "2557"]
[PlyCount "98"]
[EventDate "2017.12.14"]
[EventType "swiss (rapid)"]
[EventRounds "5"]
[EventCountry "CHN"]
[SourceTitle "CBM 182 Extra"]
[Source "ChessBase"]
[SourceDate "2018.02.23"]
[SourceVersion "1"]
[SourceVersionDate "2018.02.23"]
[SourceQuality "1"]

1. e4 e5 2. Nf3 Nc6 3. d4 exd4 4. Nxd4 Nf6 5. Nxc6 bxc6 6. e5 Qe7 7. Qe2 Nd5 8.
c4 Nb6 9. Nc3 Bb7 10. Bd2 Qe6 11. O-O-O O-O-O 12. f4 g5 13. Ne4 gxf4 14. Bxf4
c5 15. Qc2 Bh6 16. Bxh6 Qxh6+ 17. Kb1 Bxe4 18. Qxe4 Qg6 19. Re1 d6 20. Qxg6
hxg6 21. exd6 Rxd6 22. b3 Rd2 23. Re2 Rhd8 24. g3 f5 25. h4 Rd1+ 26. Kb2 a5 27.
Reh2 a4 28. Bh3 axb3 29. axb3 Rxh1 30. Rxh1 Rd2+ 31. Kc3 Rf2 32. g4 Rf3+ 33.
Kc2 Nd7 34. gxf5 gxf5 35. h5 Nf6 36. h6 Nh7 37. Bf1 Kd8 38. Rg1 Nf6 39. Bd3 Rh3
40. Bxf5 Rxh6 41. Bd3 Ke7 42. Re1+ Kd6 43. Rf1 Nd7 44. Rd1 Rh2+ 45. Kc3 Rh3 46.
Kc2 Rh2+ 47. Kc3 Rh3 48. Kc2 Rh2+ 49. Kc3 Ke6 1/2-1/2

[Event "Huaian IMSA Basque (Women) 2nd"]
[Site "Huaian"]
[Date "2017.12.14"]
[Round "2.2"]
[White "Kosteniuk, Alexandra"]
[Black "Muzychuk, Mariya"]
[Result "1/2-1/2"]
[WhiteElo "2557"]
[BlackElo "2544"]
[PlyCount "84"]
[EventDate "2017.12.14"]
[EventType "swiss (rapid)"]
[EventRounds "5"]
[EventCountry "CHN"]
[SourceTitle "CBM 182 Extra"]
[Source "ChessBase"]
[SourceDate "2018.02.23"]
[SourceVersion "1"]
[SourceVersionDate "2018.02.23"]
[SourceQuality "1"]

1. e4 e5 2. Bc4 Nc6 3. Nc3 Nf6 4. d3 Na5 5. Nge2 d6 6. Ng3 Nxc4 7. dxc4 Be6 8.
Qd3 c6 9. O-O Be7 10. Rd1 Qc7 11. b3 O-O 12. h3 Rfd8 13. Qf3 Rd7 14. Bg5 Kh8
15. Nf5 Bxf5 16. Qxf5 Rad8 17. Rd3 h6 18. Bh4 Nh7 19. Bxe7 Rxe7 20. Rad1 Red7
21. c5 Ng5 22. h4 Ne6 23. cxd6 Qa5 24. a4 Nf4 25. Rf3 Qc5 26. g3 Ne6 27. Rfd3
Rxd6 28. Rxd6 Rxd6 29. Rxd6 Qxd6 30. Qxf7 Nd4 31. Qxb7 Qc5 32. Nd1 Qxc2 33. Ne3
Qxe4 34. Qxa7 Nf3+ 35. Kf1 Qb1+ 36. Kg2 e4 37. Qb8+ Kh7 38. Nf1 Ne1+ 39. Kg1
Nf3+ 40. Kg2 Ne1+ 41. Kg1 Nf3+ 42. Kg2 Ne1+ 1/2-1/2

[Event "Huaian IMSA Basque (Women) 2nd"]
[Site "Huaian"]
[Date "2017.12.14"]
[Round "3.1"]
[White "Kosteniuk, Alexandra"]
[Black "Ju, Wenjun"]
[Result "1/2-1/2"]
[WhiteElo "2557"]
[BlackElo "2567"]
[PlyCount "136"]
[EventDate "2017.12.14"]
[EventType "swiss (rapid)"]
[EventRounds "5"]
[EventCountry "CHN"]
[SourceTitle "CBM 182 Extra"]
[Source "ChessBase"]
[SourceDate "2018.02.23"]
[SourceVersion "1"]
[SourceVersionDate "2018.02.23"]
[SourceQuality "1"]

1. e4 e6 2. d4 d5 3. Nc3 Nf6 4. Bg5 dxe4 5. Nxe4 Be7 6. Bxf6 gxf6 7. Bd3 f5 8.
Ng3 c5 9. dxc5 Bxc5 10. Qd2 Nc6 11. Nf3 Bd7 12. O-O Be7 13. Nh5 Qa5 14. Ng7+
Kd8 15. c3 Rg8 16. Nh5 Ne5 17. Nxe5 Qxe5 18. Rad1 Kc7 19. Rfe1 Qd6 20. Qc2 Qc6
21. Bf1 Rad8 22. Nf4 Bd6 23. Nd3 Kb8 24. Ne5 Bxe5 25. Rxe5 Bc8 26. Ree1 Rd5 27.
Rxd5 Qxd5 28. b4 Rd8 29. f4 f6 30. Qe2 b6 31. Qf2 Qd2 32. Qxd2 Rxd2 33. Bc4 Bb7
34. Re2 Rxe2 35. Bxe2 Kc7 36. Kf2 e5 37. Bd3 Bc8 38. Ke3 Kd6 39. c4 h6 40. a3
Bd7 41. g3 Be6 42. Be2 Bd7 43. Bh5 Be6 44. Kd3 Bd7 45. Bf7 Bc6 46. Ke3 Bb7 47.
Be8 Ba6 48. Kd3 Bb7 49. Kc3 Bc8 50. Bf7 Bb7 51. a4 Bc8 52. Bh5 Bd7 53. Bd1 Bc8
54. Bb3 Bb7 55. Bc2 Bc8 56. Bd3 Bd7 57. Bc2 a5 58. c5+ bxc5 59. bxa5 Be6 60.
Bd3 Kc7 61. Bb5 Kb7 62. Bd3 e4 63. Bb5 Ka7 64. Be2 Kb7 65. Bb5 Ka7 66. Be2 Kb7
67. Bb5 Ka7 68. Be2 Kb7 1/2-1/2